Arturo, el dueño de Excalibur /

Esta es la historia de Arturo, un chico que tuvo al mejor maestro del mundo, y que gracias a él descubrió el destino que lo esperaba bajo la forma de una espada clavada en una piedra...¿Te suena? ¡Claro! Este Arturo fue rey de Inglaterra, el monarca más justo que recuerde su país, creador de la famo...

Descripción completa

Guardado en:
Autor Principal: Blanco, Eduardo M.; adapt.
Otros Autores: Lizzo; il.
Formato: Libro
Idioma:Undetermined
Publicado: Buenos Aires : Santillana, 2011.
Edición:1a ed.
Series:Mis primeros clásicos de la mitología universal ; 4
Materias:
Etiquetas: Agregar Etiqueta
Sin Etiquetas, Sea el primero en etiquetar este registro!
LEADER 01304nam a22002295a 4500
001 CEM.cems021067
008 240424s2011####ag############000#0#und#d
005 20240424151511.0
245 1 0 |a Arturo, el dueño de Excalibur /  |c Adaptado por Eduardo M. Blanco ; ilustrado por Lizzo. 
250 |a 1a ed. 
260 |a Buenos Aires :  |b Santillana,  |c 2011. 
300 |a 48 p. 
490 1 |a Mis primeros clásicos de la mitología universal ;  |v 4 
520 |a Esta es la historia de Arturo, un chico que tuvo al mejor maestro del mundo, y que gracias a él descubrió el destino que lo esperaba bajo la forma de una espada clavada en una piedra...¿Te suena? ¡Claro! Este Arturo fue rey de Inglaterra, el monarca más justo que recuerde su país, creador de la famosa Mesa Redonda y el discípulo del más grande de los magos, el único: ¡Merlín! Preparate entonces para conocer una de las historias más fabulosas de la mitología celta, una historia con todos los condimentos para no aburrirse jamás, y volver a leer una y otra vez... 
020 |a 9789870418603 
100 1 |a Blanco, Eduardo M.; adapt. 
700 1 |a Lizzo; il. 
653 |a Mitología 
653 |a Mitología celta 
653 |a Literatura celta 
653 |a Mitos 
859 |a CEMS  |b BIB. CEMS - Inicial y Primaria  |h 891.628  |i B598-1  |k IP  |p 6551  |t Ej.1